[Event "Oviedo op"]
[Site "Oviedo"]
[Date "2007.07.28"]
[Round "8"]
[White "Yanez Acin, Gonzalo"]
[Black "Blazquez Lopez, Berna"]
[Result "1/2-1/2"]
[WhiteElo "1958"]
[BlackElo "2128"]
[PlyCount "116"]
[EventDate "2007.07.21"]
[EventType "swiss"]
[EventRounds "9"]
[EventCountry "ESP"]
[SourceTitle "EXT 2008"]
[Source "ChessBase"]
[SourceDate "2007.11.25"]
[SourceVersion "1"]
[SourceVersionDate "2007.11.25"]
[SourceQuality "1"]

1. e4 d5 2. exd5 Qxd5 3. Nc3 Qa5 4. d4 c6 5. Nf3 Bf5 6. Bd3 Bxd3 7. Qxd3 e6 8. Bd2 Bb4 9. 0-0 Nf6 10. a3 Bxc3 11. Bxc3 Qc7 12. Bd2 Nbd7 13. Rfe1 0-0 14. Ne5 Rad8 15. Bg5 Nxe5 16. Rxe5 Qxe5 17. dxe5 Rxd3 18. cxd3 Nd5 19. Kf1 Rc8 20. Rc1 Rc7 21. Ke2 Rd7 22. Be3 a6 23. g3 h5 24. Rc4 Kh7 25. h3 Kg6 26. g4 Rd8 27. Rc1 Rh8 28. Rg1 hxg4 29. Rxg4+ Kh7 30. Rh4+ Kg8 31. Rxh8+ Kxh8 32. Kf3 Kh7 33. Bc5 Kg6 34. Kg4 f5+ 35. exf6 gxf6 36. Bd6 b5 37. h4 f5+ 38. Kf3 a5 39. d4 a4 40. Bb4 Kh5 41. Kg3 Nb6 42. Ba5 Nc4 43. Bc3 Kh6 44. Kf4 Kg6 45. Kf3 Kh5 46. Kg3 Nd6 47. Kf4 Nc4 48. Kg3 Nb6 49. Ba5 Nd5 50. Bc3 Kh6 51. Bd2+ Kg6 52. Ba5 Kf6 53. Bd8+ Kf7 54. h5 Kg7 55. Kh4 Nf4 56. Ba5 Nd3 57. Bc3 Kh6 58. f3 Nf2 1/2-1/2

[Event "Internet Section 10B g/8'+2\""]
[Site "Dos Hermanas"]
[Date "2004.03.11"]
[Round "5"]
[White "Blazquez Lopez, Berna"]
[Black "Echavarria, Johann"]
[Result "0-1"]
[WhiteElo "2084"]
[BlackElo "2351"]
[PlyCount "82"]
[EventDate "2004.03.10"]
[EventType "swiss (blitz)"]
[EventRounds "9"]
[EventCountry "ESP"]
[SourceTitle "EXT 2005"]
[Source "ChessBase"]
[SourceDate "2004.11.15"]
[SourceVersion "1"]
[SourceVersionDate "2004.11.15"]
[SourceQuality "1"]

1. d4 d5 2. Nf3 Nf6 3. e3 c5 4. c3 Nc6 5. Nbd2 cxd4 6. exd4 Bg4 7. h3 Bh5 8. Bd3 e6 9. Qb3 Qc7 10. 0-0 Bd6 11. Re1 0-0 12. g4 Bg6 13. Bxg6 hxg6 14. Qd1 b5 15. a3 a5 16. Qe2 b4 17. axb4 axb4 18. Rxa8 Rxa8 19. Ne5 bxc3 20. bxc3 Na5 21. Qd3 Rc8 22. Re3 Bxe5 23. dxe5 Nd7 24. f4 Nc5 25. Qf1 Na4 26. Nb1 d4 27. Re4 Nxc3 28. Nxc3 dxc3 29. f5 Nb3 30. fxg6 fxg6 31. Re1 Nxc1 32. Rxc1 Qc5+ 33. Kh1 Qxe5 34. Qa6 Qe4+ 35. Kh2 Rc6 36. Qf1 c2 37. Qf2 e5 38. Qh4 Qf4+ 39. Kg2 Qd2+ 40. Kf3 Rc3+ 41. Ke4 Re3# 0-1